000 00435nam a2200181Ia 4500
001 9981
005 20260306161758.0
008 260306t2011||||xx |||||||||||||| ||spa||
041 _aESP
082 _a869.56
_bL54
100 _aLévano, César
_eAUT
245 0 _aArguedas:
_bun sentimiento trágico de la vida
260 _c2011
300 _a170 páginas :
_c21cm.
650 _aGEN
654 _aCHU
942 _cLIB
_dJUS
_fJUS
_2ddc
_n
999 _c9981
_d9981